| 000 | 00345nam a2200133Ia 4500 | ||
|---|---|---|---|
| 008 | 240624s9999 xx 000 0 und d | ||
| 041 | _aeng | ||
| 082 | _a302.1 GOD | ||
| 100 | _aGODELIER MAURICE | ||
| 245 | _aRATIONALITY AND IRRATIONALITY IN ECONOMI | ||
| 260 |
_c2012 _aLondon _bVerso |
||
| 300 | _axlii, : 326 : p. : cm. ; 19 | ||
| 365 |
_c _b38 |
||
| 999 |
_c28361 _d28361 |
||